000 00578nam a2200229Ia 4500
003 OSt
005 20220928113704.0
006 a|||||r|||| 00| 0
007 ta
008 220927b |||||||| |||| 00| 0 eng d
024 _a96860
037 _cTextual
040 _aSDCL
_cSDCL
_beng
041 _2eng
_aeng
082 _aR321, M2
100 _aFoster John
_9434515
245 0 _aCase for idealism.
260 _aLondon
_bRouledge & Kegan Paul
_c1982
300 _avii,305p
_ccm.
942 _hR321, M2
_cTEXL
_2CC
999 _c750839
_d750839